| 000 | 02064nam0a2200337 4500 | ||
|---|---|---|---|
| 001 | RU\NLR\BIBL_A\022747666 | ||
| 005 | 20260503065201.0 | ||
| 010 |
_a978-5-908067-34-8 _9500 |
||
| 021 |
_aRU _bКН-П-26-000165 _9КН-П-26-0018 |
||
| 021 |
_aRU _bКН-П-26-000165 _9КН-П-26-0771 |
||
| 035 | _a(NLR Aleph) 022747666 | ||
| 090 |
_a13700823 _c13700823 |
||
| 100 | _a20260306d2025 u y0rusy50 ca | ||
| 101 | 0 | _arus | |
| 102 | _aRU | ||
| 105 | _ay j 000zy | ||
| 181 | 0 |
_ai _baxxe |
|
| 182 | 0 | _an | |
| 200 | 1 |
_aПравовое обеспечение муниципального управления и муниципальной службы _eучебное пособие _eдля обучающихся по направлению подготовки 40.03.01 Юриспруденция _fН.В. Павлов _gМинистерство сельского хозяйства Российской Федерации, ФГБОУ ВО "Кубанский государственный аграрный университет имени И. Т. Трубилина" |
|
| 203 |
_aТекст _bвизуальный _cнепосредственный |
||
| 210 |
_aКраснодар _cКубГАУ _d2025 |
||
| 215 |
_a88 с. _d20 |
||
| 320 | _aБиблиогр.: с. 83-86 | ||
| 606 | 1 |
_aМуниципальное управление _jУчебные издания для высших учебных заведений _xПравовое регулирование _yРоссийская Федерация _92336733 _3RU\NLR\AUTH\6601620807 |
|
| 606 | 1 |
_aМуниципальная служба _jУчебные издания для высших учебных заведений _xПравовые вопросы _yРоссийская Федерация _92127530 _3RU\NLR\AUTH\661587818 |
|
| 686 | 1 | _aХ621.011.2я73 | |
| 700 | 1 |
_7ca _8rus _aПавлов _bН. В. _cканд. юрид. наук _gНиколай Владимирович _9188553 _3RU\NLR\AUTH\770188604 |
|
| 942 | _cBOOK | ||
| 980 | _aNB | ||